Historia y conciencia de clase: estudios de dialéctica marxista

Saved in:
Bibliographic Details
Main Author: Lukács, Georg (autor)
Format: Book
Language:Spanish
Published: Buenos Aires R y R 2009
Series:Clásicos
Subjects:
Tags: Add Tag
No Tags, Be the first to tag this record!

MARC

LEADER 00000cam a2200000 a 4500
001 UCF2023
003 CL-VaPUC
008 120802e20090000AG |||||||||||||||||spa|d
020 |a 9789871421305 
082 0 4 |a 335.3  |b LUK  |2 21 
100 |a Lukács, Georg  |e autor  |9 375284 
245 1 0 |a Historia y conciencia de clase: estudios de dialéctica marxista 
300 |a 482 p 
942 |c BK 
945 |d 20120802 00:00:00  |a dcastane 
260 |a Buenos Aires  |b R y R  |c 2009 
650 7 |a MARXISMO  |2 CL-VaPUC  |9 563602 
650 0 |a Historia política  |9 256974 
583 |a last modification  |c 20120802 10:35:00  |k Rodrigo Vera 
490 0 |a Clásicos 
999 |c 348696  |d 348694 
952 |0 0  |1 0  |4 0  |6 335_300000000000000_LUK_2009  |7 0  |8 A  |9 450835  |a BIBART  |b BIBART  |d 2019-11-22  |i 4883357  |l 2  |o 335.3 LUK 2009  |p 4883357  |r 2025-03-13  |s 2020-11-03  |w 2019-11-22  |y BK  |k ART